00209nam a2200085Ia 450000100070000000500170000700800410002424500370006526000210010286281220250826175439.0250824s9999 xx 000 0 und d 0aKALP SIZISIcF. LOU̇SA BARCLAY bPANAMA YAYINLARI